00438nam a2200121 a 4500008004100000050002200041100002900063245014600092260002100238300001600259350000900275650003200284080109s1960 ||||||||||||||||| || u aGOV.ZAM(02)1960/1 aKeir, David Lindsay, Sir12aA Survey of technical and commercial education in Northern Rhodesia: Keir Committee ReportcUnder the Chairmanship of Sir David Lindsay Keir. aKitwebGRZc1960 a72p. : ill. a0.00 aTECHNICAL EDUCATION--ZAMBIA